• 首页
  • 本馆介绍
  • 公告通知
  • 最新文献
  • 馆藏检索
  • 电子资源
  • 读者导购
  • 参考咨询
  • 我的图书馆
  • 登录
  • 详细信息显示
  • 放入我的书架
  • 预约/预借图书
  • 作者相关作品
  • 分类相关作品
  • 丛书相关作品
  • 出版社相关作品

书目信息

  • 表格格式
  • 工作单格式
  • 卡片格式
题名:
危险老年
    
 
作者: 杨晓阳 编著
分册:   男性篇
出版信息: 北京   中国轻工业出版社  2004
页数: 16,366页
开本: 21cm
丛书名: 健康自助宝典
单 册:
中图分类: R161.7
科图分类:
主题词: 男性--老年人--保健
电子资源:
ISBN: 7-5019-4427-X
000 01192nam0 2200349 450
000 01155nam0 2200337 450
000 01137nam0 2200337 450
000 01083nam0 2200313 450
000 01081nam0 2200325 450
000 01027nam0 2200301 450
000 01023nam0 2200289 450
000 00986nam0 2200277 45
001 TS2006030007
005 20070122104342.67
010    @a7-5019-4427-X@dCNY23.80
100    @a20060829d2004 em y0chiy0110 ea
101 0  @achi
102    @aCN@b110000
105    @aa z 000yy
200 1  @a危险老年@Awei xian lao nian@i男性篇@f杨晓阳编著
210    @a北京@c中国轻工业出版社@d2004
215    @a16,366页@c图@d21cm
225 2  @a健康自助宝典@e亚洲版
330    @a本书编为心理及精神危机、生理及功能危机、生活起居的隐患、季节变换的影响、娱乐调摄身心、健身锻炼、饮食问题、常见病的中医疗方、居家看护、健康咨询等十部分。
410  0 @12001 @a健康自助宝典
606 0  @a男性@x老年人@x保健
690    @aR161.7@v4
701  0 @a杨晓阳@Ayang xiao yang@4编著
801  0 @aCN@b中图数据@c20070122
905    @a10447@dR161.7@e147
    
    危险老年.男性篇/杨晓阳编著.-北京:中国轻工业出版社,2004
    16,366页:图;21cm.-(健康自助宝典:亚洲版)
    
    
    ISBN 7-5019-4427-X:CNY23.80
    本书编为心理及精神危机、生理及功能危机、生活起居的隐患、季节变换的影响、娱乐调摄身心、健身锻炼、饮食问题、常见病的中医疗方、居家看护、健康咨询等十部分。
●
相关链接 在E读中查询图书 在五车中查询图书 在当当中查询图书 在豆瓣中查询图书


正题名:危险老年     索取号:R161.7/147         预约/预借

序号 登录号 条形码 馆藏地/架位号 状态 备注
1 0618062   206180620   第二样本阅览室/ [索取号:R161.7/147] 在馆    
2 0618068   206180684   第三借阅区/ [索取号:R161.7/147] 在馆    
3 0618069   206180693   第三借阅区/ [索取号:R161.7/147] 在馆    
唐山师范学院图书馆 欢迎您!
大连网信软件有限公司© 版权所有